000
00321nam a2200133Ia 4500
008
240624s9999 xx 000 0 und d
041
_a
eng
082
_a
005.432 PAJ
100
_a
PAJARI GEORGE
245
_a
WRITING UNIX DEVICE DRIVERS
260
_c
2005
_a
Delhi
_b
Pearson Education
300
_a
xii, : 323
365
_c
RS
999
_c
2278
_d
2278